Sherlock Holmes Trivia - Statistics

General Stats
  • This quiz has been taken 1,903 times
  • The average score is 8 of 12
Answer Stats
Hint Answer % Correct
With whom does Holmes live? Dr. John Watson
98%
What musical instrument does Holmes play? Violin
92%
What is Holmes' address? 221B Baker Street
86%
What is Holmes' brothers' name? Mycroft Holmes
84%
Who is "the Napoleon of crime"? Professor Moriarty
81%
What is Watson's wife's name? Mary Watson (née Morstan)
75%
What does Holmes call Irene Adler? The woman
74%
Where did Watson serve while in the British Army? Afghanistan
69%
What is the real name of a "Sherlock Holmes hat"? Deerstalker
57%
What is the name of the children who occasionally help Holmes solve cases? The Baker Street Irregulars
27%
What religious group is featured in "A Study in Scarlet" Mormons
25%
In which story is Grimesby Roylott the villian? The Adventure of the Speckled Band
15%
No matching quizzes found
Score Distribution
Percent of People with Each Score
Percentile by Number Answered
Your Score History
You have not taken this quiz